[Event "RSA-ch U08"]
[Site "Bloemfontein"]
[Date "2016.03.24"]
[Round "9"]
[White "Stuurman, Liam"]
[Black "Baruch, Liam"]
[Result "1-0"]
[WhiteElo "937"]
[BlackElo "1009"]
[PlyCount "60"]
[EventDate "2016.03.20"]
[EventType "swiss"]
[EventRounds "11"]
[EventCountry "RSA"]
[SourceTitle "CBM 171 Extra"]
[Source "ChessBase"]
[SourceDate "2016.04.26"]
[SourceVersion "1"]
[SourceVersionDate "2016.04.26"]
[SourceQuality "1"]

1. e4 e5 2. Nf3 Nc6 3. d4 exd4 4. Nxd4 Nf6 5. Nxc6 bxc6 6. Nc3 Be7 7. Bd3 d6 8. 0-0 0-0 9. Re1 Be6 10. Bd2 d5 11. exd5 cxd5 12. a3 a6 13. Rb1 Bc5 14. Qe2 Qd6 15. b4 Ba7 16. Bxa6 Ng4 17. g3 Bxf2+ 18. Kh1 Bxe1 19. Rxe1 Rxa6 20. Nb5 Qb6 21. Nxc7 Rxa3 22. Nxe6 fxe6 23. Qxg4 e5 24. c3 Qf2 25. Qe6+ Kh8 26. Qxd5 Qf3+ 27. Qxf3 Rxf3 28. Rxe5 h6 29. Kg2 Rd3 30. Be1 Ra2+ 1-0

[Event "RSA-ch U08"]
[Site "Bloemfontein"]
[Date "2016.03.21"]
[Round "3"]
[White "Senekal, Frederick Petrus"]
[Black "Stuurman, Liam"]
[Result "0-1"]
[WhiteElo "779"]
[BlackElo "937"]
[PlyCount "96"]
[EventDate "2016.03.20"]
[EventType "swiss"]
[EventRounds "11"]
[EventCountry "RSA"]
[SourceTitle "CBM 171 Extra"]
[Source "ChessBase"]
[SourceDate "2016.04.26"]
[SourceVersion "1"]
[SourceVersionDate "2016.04.26"]
[SourceQuality "1"]

1. e4 d5 2. exd5 Qxd5 3. Nc3 Qa5 4. d4 Nf6 5. Nf3 Bg4 6. h3 Bxf3 7. Qxf3 Nc6 8. Bb5 Qb6 9. d5 a6 10. dxc6 axb5 11. cxb7 Rb8 12. 0-0 e6 13. Bf4 Be7 14. Qg3 Nh5 15. Qf3 Nxf4 16. Qxf4 0-0 17. Rad1 Bd6 18. Qf3 Rxb7 19. Rd2 Rd8 20. Rfd1 Rd7 21. Qe3 Qxe3 22. fxe3 Rb8 23. e4 Rbd8 24. e5 Bc5+ 25. Kf1 Rxd2 26. Rxd2 Rxd2 27. Nxb5 Rxc2 28. Nxc7 Bd4 29. b4 Rxc7 30. a3 Rc3 31. Ke2 Rxa3 32. Kd2 Kf8 33. Kc2 Ke7 34. Kc1 Ra2 35. Kb1 Rxg2 36. Kc1 Kd7 37. Kd1 Kc6 38. Ke1 Kb5 39. Kf1 Ra2 40. Ke1 Kxb4 41. Kd1 Kc3 42. Ke1 Rd2 43. Kf1 Kd3 44. Ke1 Ke3 45. Kf1 Re2 46. Kg1 Kf3+ 47. Kf1 Bxe5 48. Kg1 Re1# 0-1

[Event "RSA-ch U08"]
[Site "Bloemfontein"]
[Date "2016.03.20"]
[Round "1"]
[White "Spiller, Caden"]
[Black "Stuurman, Liam"]
[Result "0-1"]
[WhiteElo "724"]
[BlackElo "937"]
[PlyCount "86"]
[EventDate "2016.03.20"]
[EventType "swiss"]
[EventRounds "11"]
[EventCountry "RSA"]
[SourceTitle "CBM 171 Extra"]
[Source "ChessBase"]
[SourceDate "2016.04.26"]
[SourceVersion "1"]
[SourceVersionDate "2016.04.26"]
[SourceQuality "1"]

1. e4 d5 2. exd5 Qxd5 3. Nc3 Qa5 4. Nf3 Nc6 5. Bc4 e5 6. Bxf7+ Kxf7 7. Ng5+ Ke8 8. h3 Nf6 9. 0-0 Bd6 10. Re1 Ke7 11. d3 Re8 12. Bd2 Kf8 13. Nce4 Qb6 14. Nxf6 gxf6 15. Nxh7+ Kf7 16. Qh5+ Ke7 17. Be3 Bc5 18. Bxc5+ Qxc5 19. Qg6 Qd6 20. Qg7+ Kd8 21. Nxf6 Qe7 22. Qg6 Rf8 23. Ng8 Qf7 24. Qxf7 Rxf7 25. Nh6 Rg7 26. Nf5 Bxf5 27. Re3 Nd4 28. Rxe5 c6 29. Rae1 Kd7 30. c3 Nf3+ 31. Kf1 Bxd3+ 32. R1e2 Bxe2+ 33. Rxe2 Re8 34. Rxe8 Kxe8 35. gxf3 Ke7 36. h4 Kf6 37. h5 Rh7 38. b4 b5 39. a3 Rxh5 40. Ke2 Kf5 41. Kd3 Kf4 42. Ke2 Re5+ 43. Kf1 Kxf3 0-1

[Event "RSA-chT U08"]
[Site "Cape Town"]
[Date "2016.01.05"]
[Round "4.1"]
[White "Stuurman, Liam"]
[Black "Allie, Ishmaeel"]
[Result "0-1"]
[WhiteElo "925"]
[BlackElo "984"]
[PlyCount "27"]
[EventDate "2016.01.04"]
[EventType "team-tourn"]
[EventRounds "7"]
[EventCountry "RSA"]
[SourceTitle "CBM 170 Extra"]
[Source "ChessBase"]
[SourceDate "2016.02.25"]
[SourceVersion "1"]
[SourceVersionDate "2016.02.25"]
[SourceQuality "1"]
[WhiteTeam "Tshwane"]
[BlackTeam "Western Province"]
[WhiteTeamCountry "RSA"]
[BlackTeamCountry "RSA"]

1. e4 e5 2. Nf3 Nc6 3. d4 Bb4+ 4. c3 Ba5 5. Bg5 Nf6 6. Nxe5 h6 7. Nxc6 bxc6 8. Bxf6 Qxf6 9. Bc4 0-0 10. 0-0 Re8 11. e5 Qd8 12. Qg4 d5 13. Qe2 dxc4 14. Qxc4 0-1

[Event "RSA-chT U08"]
[Site "Cape Town"]
[Date "2016.01.04"]
[Round "1.1"]
[White "Stuurman, Liam"]
[Black "Ahjum, Kristen"]
[Result "1-0"]
[WhiteElo "925"]
[BlackElo "877"]
[PlyCount "63"]
[EventDate "2016.01.04"]
[EventType "team-tourn"]
[EventRounds "7"]
[EventCountry "RSA"]
[SourceTitle "CBM 170 Extra"]
[Source "ChessBase"]
[SourceDate "2016.02.25"]
[SourceVersion "1"]
[SourceVersionDate "2016.02.25"]
[SourceQuality "1"]
[WhiteTeam "Tshwane"]
[BlackTeam "Northern Cape"]
[WhiteTeamCountry "RSA"]
[BlackTeamCountry "RSA"]

1. e4 e5 2. Nf3 Nc6 3. d4 d6 4. dxe5 dxe5 5. Qxd8+ Nxd8 6. Nxe5 Nf6 7. Nc3 Bd6 8. Nf3 0-0 9. Bc4 Nc6 10. 0-0 Bc5 11. Bf4 Nh5 12. Bxc7 Re8 13. Ng5 h6 14. Bxf7+ Kf8 15. Bxe8 Kxe8 16. Nf3 Be6 17. Nd5 Kd7 18. Bg3 Nxg3 19. hxg3 Rf8 20. Rad1 Bh3 21. Nf4+ Kc7 22. Nxh3 g5 23. Nd2 h5 24. Rfe1 g4 25. Nf4 h4 26. Ne6+ Kd7 27. Nxf8+ Bxf8 28. e5 Ke6 29. Nc4 Bc5 30. Kf1 h3 31. gxh3 gxh3 32. Kg1 1-0